高速計算 - その数を 2 倍に! - Statistics

General Stats
  • This quiz has been taken 644 times
  • The average score is 15 of 20
Answer Stats
番号 ダブル % Correct
502 1004
100%
504 1008
100%
506 1012
100%
519 1038
100%
520 1040
100%
521 1042
100%
525 1050
100%
526 1052
100%
532 1064
100%
535 1070
100%
537 1074
100%
538 1076
100%
54 108
100%
551 1102
100%
552 1104
100%
568 1136
100%
58 116
100%
590 1180
100%
6 12
100%
600 1200
100%
601 1202
100%
603 1206
100%
604 1208
100%
608 1216
100%
61 122
100%
611 1222
100%
615 1230
100%
617 1234
100%
618 1236
100%
62 124
100%
620 1240
100%
621 1242
100%
624 1248
100%
63 126
100%
64 128
100%
640 1280
100%
642 1284
100%
65 130
100%
653 1306
100%
655 1310
100%
661 1322
100%
667 1334
100%
675 1350
100%
68 136
100%
682 1364
100%
689 1378
100%
695 1390
100%
7 14
100%
70 140
100%
703 1406
100%
716 1432
100%
72 144
100%
721 1442
100%
723 1446
100%
73 146
100%
730 1460
100%
74 148
100%
75 150
100%
755 1510
100%
76 152
100%
764 1528
100%
766 1532
100%
770 1540
100%
775 1550
100%
781 1562
100%
784 1568
100%
788 1576
100%
80 160
100%
800 1600
100%
814 1628
100%
817 1634
100%
819 1638
100%
822 1644
100%
830 1660
100%
84 168
100%
85 170
100%
850 1700
100%
856 1712
100%
86 172
100%
861 1722
100%
874 1748
100%
88 176
100%
9 18
100%
901 1802
100%
918 1836
100%
92 184
100%
930 1860
100%
933 1866
100%
94 188
100%
945 1890
100%
951 1902
100%
959 1918
100%
982 1964
100%
985 1970
100%
990 1980
100%
994 1988
100%
10 20
100%
102 204
100%
103 206
100%
104 208
100%
106 212
100%
110 220
100%
12 24
100%
123 246
100%
126 252
100%
127 254
100%
130 260
100%
14 28
100%
140 280
100%
15 30
100%
152 304
100%
155 310
100%
159 318
100%
160 320
100%
167 334
100%
17 34
100%
18 36
100%
186 372
100%
187 374
100%
188 376
100%
200 400
100%
204 408
100%
205 410
100%
207 414
100%
21 42
100%
211 422
100%
212 424
100%
214 428
100%
217 434
100%
218 436
100%
22 44
100%
229 458
100%
23 46
100%
233 466
100%
235 470
100%
24 48
100%
253 506
100%
260 520
100%
261 522
100%
267 534
100%
27 54
100%
297 594
100%
30 60
100%
300 600
100%
303 606
100%
304 608
100%
305 610
100%
306 612
100%
307 614
100%
308 616
100%
310 620
100%
313 626
100%
315 630
100%
316 632
100%
317 634
100%
318 636
100%
32 64
100%
322 644
100%
324 648
100%
325 650
100%
33 66
100%
331 662
100%
337 674
100%
34 68
100%
341 682
100%
35 70
100%
351 702
100%
353 706
100%
357 714
100%
37 74
100%
372 744
100%
373 746
100%
380 760
100%
382 764
100%
390 780
100%
40 80
100%
41 82
100%
412 824
100%
413 826
100%
414 828
100%
419 838
100%
420 840
100%
424 848
100%
428 856
100%
43 86
100%
435 870
100%
44 88
100%
444 888
100%
448 896
100%
45 90
100%
450 900
100%
453 906
100%
454 908
100%
455 910
100%
462 924
100%
466 932
100%
47 94
100%
492 984
100%
691 1382
94%
902 1804
94%
249 498
93%
25 50
93%
560 1120
92%
613 1226
92%
656 1312
92%
710 1420
92%
100 200
92%
16 32
92%
174 348
92%
210 420
92%
221 442
92%
223 446
92%
330 660
92%
432 864
92%
469 938
92%
488 976
92%
510 1020
91%
541 1082
91%
780 1560
91%
810 1620
91%
880 1760
91%
91 182
91%
349 698
91%
465 930
91%
524 1048
90%
536 1072
90%
650 1300
90%
715 1430
90%
734 1468
90%
786 1572
90%
808 1616
90%
910 1820
90%
914 1828
90%
108 216
90%
115 230
90%
118 236
90%
124 248
90%
149 298
90%
19 38
90%
232 464
90%
236 472
90%
251 502
90%
255 510
90%
285 570
90%
363 726
90%
402 804
90%
406 812
90%
409 818
90%
411 822
90%
430 860
90%
449 898
90%
511 1022
89%
512 1024
89%
582 1164
89%
596 1192
89%
638 1276
89%
771 1542
89%
823 1646
89%
90 180
89%
906 1812
89%
911 1822
89%
924 1848
89%
11 22
89%
112 224
89%
120 240
89%
122 244
89%
132 264
89%
136 272
89%
147 294
89%
153 306
89%
183 366
89%
208 416
89%
209 418
89%
228 456
89%
242 484
89%
263 526
89%
365 730
89%
383 766
89%
396 792
89%
410 820
89%
423 846
89%
440 880
89%
457 914
89%
472 944
89%
489 978
89%
498 996
89%
52 104
88%
53 106
88%
57 114
88%
581 1162
88%
599 1198
88%
610 1220
88%
614 1228
88%
670 1340
88%
680 1360
88%
696 1392
88%
705 1410
88%
71 142
88%
745 1490
88%
811 1622
88%
816 1632
88%
871 1742
88%
895 1790
88%
934 1868
88%
938 1876
88%
958 1916
88%
975 1950
88%
125 250
88%
141 282
88%
150 300
88%
182 364
88%
193 386
88%
270 540
88%
271 542
88%
272 544
88%
36 72
88%
405 810
88%
422 844
88%
460 920
88%
111 222
87%
48 96
87%
500 1000
86%
51 102
86%
527 1054
86%
530 1060
86%
593 1186
86%
657 1314
86%
704 1408
86%
763 1526
86%
8 16
86%
809 1618
86%
820 1640
86%
827 1654
86%
829 1658
86%
832 1664
86%
837 1674
86%
859 1718
86%
916 1832
86%
941 1882
86%
946 1892
86%
117 234
86%
157 314
86%
164 328
86%
170 340
86%
173 346
86%
206 412
86%
215 430
86%
240 480
86%
258 516
86%
266 532
86%
273 546
86%
293 586
86%
311 622
86%
312 624
86%
370 740
86%
371 742
86%
377 754
86%
39 78
86%
417 834
86%
426 852
86%
436 872
86%
446 892
86%
452 904
86%
499 998
86%
991 1982
85%
323 646
85%
505 1010
83%
531 1062
83%
533 1066
83%
549 1098
83%
553 1106
83%
566 1132
83%
576 1152
83%
587 1174
83%
616 1232
83%
636 1272
83%
643 1286
83%
666 1332
83%
67 134
83%
674 1348
83%
678 1356
83%
720 1440
83%
727 1454
83%
736 1472
83%
747 1494
83%
750 1500
83%
772 1544
83%
803 1606
83%
821 1642
83%
825 1650
83%
838 1676
83%
839 1678
83%
840 1680
83%
851 1702
83%
857 1714
83%
860 1720
83%
87 174
83%
873 1746
83%
885 1770
83%
89 178
83%
894 1788
83%
909 1818
83%
915 1830
83%
931 1862
83%
935 1870
83%
940 1880
83%
95 190
83%
950 1900
83%
962 1924
83%
98 196
83%
154 308
83%
190 380
83%
201 402
83%
216 432
83%
224 448
83%
230 460
83%
237 474
83%
244 488
83%
248 496
83%
268 536
83%
280 560
83%
31 62
83%
333 666
83%
374 748
83%
375 750
83%
378 756
83%
381 762
83%
397 794
83%
408 816
83%
431 862
83%
459 918
83%
490 980
83%
522 1044
82%
632 1264
82%
700 1400
82%
702 1404
82%
743 1486
82%
888 1776
82%
928 1856
82%
981 1962
82%
113 226
82%
114 228
82%
156 312
82%
158 316
82%
302 604
82%
393 786
82%
427 854
82%
442 884
82%
475 950
82%
50 100
80%
514 1028
80%
534 1068
80%
542 1084
80%
557 1114
80%
564 1128
80%
637 1274
80%
644 1288
80%
645 1290
80%
665 1330
80%
708 1416
80%
742 1484
80%
746 1492
80%
782 1564
80%
785 1570
80%
79 158
80%
793 1586
80%
804 1608
80%
807 1614
80%
844 1688
80%
868 1736
80%
896 1792
80%
937 1874
80%
96 192
80%
970 1940
80%
128 256
80%
13 26
80%
148 296
80%
161 322
80%
189 378
80%
199 398
80%
20 40
80%
213 426
80%
239 478
80%
241 482
80%
259 518
80%
276 552
80%
277 554
80%
278 556
80%
309 618
80%
348 696
80%
360 720
80%
429 858
80%
434 868
80%
441 882
80%
443 886
80%
471 942
80%
473 946
80%
474 948
80%
482 964
80%
855 1710
79%
936 1872
79%
346 692
79%
516 1032
78%
528 1056
78%
548 1096
78%
580 1160
78%
612 1224
78%
622 1244
78%
625 1250
78%
626 1252
78%
652 1304
78%
711 1422
78%
737 1474
78%
741 1482
78%
744 1488
78%
767 1534
78%
805 1610
78%
848 1696
78%
882 1764
78%
107 214
78%
131 262
78%
180 360
78%
246 492
78%
29 58
78%
290 580
78%
326 652
78%
38 76
78%
391 782
78%
416 832
78%
438 876
78%
445 890
78%
463 926
78%
586 1172
77%
797 1594
77%
145 290
77%
194 388
77%
220 440
77%
421 842
77%
592 1184
76%
5 10
75%
503 1006
75%
507 1014
75%
508 1016
75%
517 1034
75%
523 1046
75%
539 1078
75%
554 1108
75%
562 1124
75%
570 1140
75%
583 1166
75%
588 1176
75%
595 1190
75%
60 120
75%
605 1210
75%
607 1214
75%
627 1254
75%
639 1278
75%
647 1294
75%
649 1298
75%
651 1302
75%
659 1318
75%
664 1328
75%
671 1342
75%
688 1376
75%
701 1402
75%
709 1418
75%
717 1434
75%
724 1448
75%
725 1450
75%
726 1452
75%
731 1462
75%
738 1476
75%
773 1546
75%
774 1548
75%
777 1554
75%
795 1590
75%
826 1652
75%
835 1670
75%
842 1684
75%
854 1708
75%
858 1716
75%
867 1734
75%
869 1738
75%
872 1744
75%
877 1754
75%
878 1756
75%
900 1800
75%
907 1814
75%
908 1816
75%
912 1824
75%
913 1826
75%
920 1840
75%
922 1844
75%
923 1846
75%
925 1850
75%
929 1858
75%
955 1910
75%
957 1914
75%
965 1930
75%
968 1936
75%
976 1952
75%
980 1960
75%
983 1966
75%
99 198
75%
134 268
75%
165 330
75%
169 338
75%
172 344
75%
175 350
75%
181 362
75%
191 382
75%
198 396
75%
203 406
75%
226 452
75%
250 500
75%
254 508
75%
256 512
75%
257 514
75%
26 52
75%
274 548
75%
314 628
75%
319 638
75%
320 640
75%
335 670
75%
347 694
75%
366 732
75%
395 790
75%
403 806
75%
415 830
75%
456 912
75%
464 928
75%
470 940
75%
479 958
75%
480 960
75%
486 972
75%
495 990
75%
496 992
75%
501 1002
73%
635 1270
73%
668 1336
73%
684 1368
73%
69 138
73%
697 1394
73%
735 1470
73%
939 1878
73%
133 266
73%
184 368
73%
227 454
73%
231 462
73%
364 728
73%
461 922
73%
467 934
73%
177 354
72%
529 1058
71%
56 112
71%
569 1138
71%
619 1238
71%
630 1260
71%
690 1380
71%
739 1478
71%
749 1498
71%
751 1502
71%
77 154
71%
892 1784
71%
93 186
71%
956 1912
71%
963 1926
71%
979 1958
71%
105 210
71%
139 278
71%
192 384
71%
195 390
71%
238 476
71%
252 504
71%
387 774
71%
392 784
71%
401 802
71%
418 836
71%
425 850
71%
437 874
71%
494 988
71%
571 1142
70%
573 1146
70%
579 1158
70%
591 1182
70%
693 1386
70%
756 1512
70%
932 1864
70%
952 1904
70%
964 1928
70%
168 336
70%
243 486
70%
298 596
70%
321 642
70%
336 672
70%
407 814
70%
598 1196
69%
518 1036
67%
544 1088
67%
55 110
67%
550 1100
67%
559 1118
67%
561 1122
67%
565 1130
67%
574 1148
67%
575 1150
67%
577 1154
67%
584 1168
67%
602 1204
67%
606 1212
67%
609 1218
67%
641 1282
67%
66 132
67%
660 1320
67%
669 1338
67%
706 1412
67%
707 1414
67%
719 1438
67%
733 1466
67%
748 1496
67%
753 1506
67%
758 1516
67%
765 1530
67%
790 1580
67%
799 1598
67%
801 1602
67%
82 164
67%
824 1648
67%
831 1662
67%
833 1666
67%
843 1686
67%
849 1698
67%
862 1724
67%
879 1758
67%
881 1762
67%
889 1778
67%
890 1780
67%
904 1808
67%
919 1838
67%
921 1842
67%
942 1884
67%
943 1886
67%
944 1888
67%
947 1894
67%
960 1920
67%
969 1938
67%
97 194
67%
993 1986
67%
121 242
67%
129 258
67%
138 276
67%
143 286
67%
146 292
67%
162 324
67%
178 356
67%
185 370
67%
222 444
67%
225 450
67%
234 468
67%
245 490
67%
284 568
67%
286 572
67%
289 578
67%
294 588
67%
301 602
67%
329 658
67%
334 668
67%
339 678
67%
352 704
67%
359 718
67%
361 722
67%
362 724
67%
389 778
67%
404 808
67%
46 92
67%
477 954
67%
481 962
67%
485 970
67%
487 974
67%
491 982
67%
497 994
67%
540 1080
64%
629 1258
64%
802 1604
64%
870 1740
64%
974 1948
64%
176 352
64%
283 566
64%
288 576
64%
292 584
64%
367 734
64%
572 1144
63%
623 1246
63%
683 1366
63%
685 1370
63%
692 1384
63%
699 1398
63%
713 1426
63%
732 1464
63%
899 1798
63%
966 1932
63%
119 238
63%
142 284
63%
151 302
63%
340 680
63%
344 688
63%
345 690
63%
368 736
63%
42 84
63%
49 98
63%
752 1504
62%
813 1626
62%
556 1112
60%
558 1116
60%
563 1126
60%
597 1194
60%
662 1324
60%
712 1424
60%
714 1428
60%
729 1458
60%
759 1518
60%
769 1538
60%
778 1556
60%
841 1682
60%
864 1728
60%
903 1806
60%
905 1810
60%
953 1906
60%
967 1934
60%
992 1984
60%
116 232
60%
163 326
60%
179 358
60%
369 738
60%
384 768
60%
439 878
60%
757 1514
58%
291 582
58%
388 776
58%
509 1018
57%
567 1134
57%
578 1156
57%
633 1266
57%
679 1358
57%
728 1456
57%
740 1480
57%
760 1520
57%
776 1552
57%
794 1588
57%
853 1706
57%
884 1768
57%
917 1834
57%
948 1896
57%
961 1922
57%
101 202
57%
109 218
57%
28 56
57%
295 590
57%
296 592
57%
338 676
57%
354 708
57%
355 710
57%
356 712
57%
400 800
57%
447 894
57%
458 916
57%
545 1090
56%
681 1362
56%
787 1574
56%
852 1704
56%
927 1854
56%
989 1978
56%
135 270
56%
275 550
56%
332 664
56%
433 866
56%
483 966
56%
761 1522
55%
287 574
55%
385 770
55%
654 1308
54%
762 1524
54%
893 1786
54%
515 1030
50%
585 1170
50%
59 118
50%
631 1262
50%
658 1316
50%
672 1344
50%
676 1352
50%
677 1354
50%
694 1388
50%
722 1444
50%
768 1536
50%
779 1558
50%
78 156
50%
792 1584
50%
81 162
50%
812 1624
50%
815 1630
50%
834 1668
50%
866 1732
50%
891 1782
50%
949 1898
50%
954 1908
50%
971 1942
50%
977 1954
50%
978 1956
50%
986 1972
50%
137 274
50%
166 332
50%
197 394
50%
279 558
50%
281 562
50%
282 564
50%
299 598
50%
327 654
50%
328 656
50%
342 684
50%
386 772
50%
398 796
50%
399 798
50%
451 902
50%
476 952
50%
484 968
50%
493 986
50%
987 1974
46%
634 1268
45%
663 1326
45%
789 1578
45%
887 1774
45%
589 1178
44%
628 1256
44%
798 1596
44%
898 1796
44%
543 1086
43%
555 1110
43%
673 1346
43%
836 1672
43%
846 1692
43%
863 1726
43%
875 1750
43%
171 342
43%
247 494
42%
547 1094
40%
594 1188
40%
648 1296
40%
754 1508
40%
791 1582
40%
796 1592
40%
806 1612
40%
818 1636
40%
847 1694
40%
865 1730
40%
972 1944
40%
144 288
40%
269 538
40%
343 686
40%
376 752
40%
478 956
40%
546 1092
38%
686 1372
38%
687 1374
38%
876 1752
38%
886 1772
38%
358 716
38%
513 1026
33%
828 1656
33%
883 1766
33%
219 438
33%
262 524
33%
265 530
33%
350 700
33%
394 788
33%
196 392
30%
202 404
30%
984 1968
29%
988 1976
29%
646 1292
27%
718 1436
25%
83 166
25%
845 1690
25%
973 1946
25%
264 528
25%
379 758
25%
468 936
25%
897 1794
20%
698 1396
17%
783 1566
0%
926 1852
0%
No matching quizzes found
Score Distribution
Percent of People with Each Score
Percentile by Number Answered
Your Score History
You have not taken this quiz